000 00600nam a2200181 a 4500
005 20240911064626.0
008 991125s1992 ch 000 0 spa u
035 _aUPN01000033765
049 _aCG
050 4 _aLB1029 C7
_bK3.3
100 1 _aKaplún, Mario,
_d1923-1998
_928813
245 1 0 _aA la educación por la comunicación :
_bla práctica de la comunicación educativa /
_cMario Kaplún.
260 _aSantiago de Chile :
_bOREALC :
_bUNESCO,
_c1992.
300 _a234 p.
650 4 _aComunicación en la educación
_91520
650 4 _aMedios masivos de comunicación
_99547
905 _aLibro
999 _c33765
_d33765